| 000 | 00739nam a2200229 4500 | ||
|---|---|---|---|
| 003 | OSt | ||
| 005 | 20240628051635.0 | ||
| 006 | a | ||
| 008 | 240628b |||||||| |||| 00| 0 eng d | ||
| 020 | _a9780071221221 | ||
| 040 |
_aDWCL-Main lib. _cOC |
||
| 082 | _aCirc. 658.11 B199e 2011 | ||
| 100 | _aBamford, Charles E. | ||
| 245 | _aEntrepreneurship : a small business approach / | ||
| 260 |
_aN.Y. : _bMcGraw-Hill, _cc2011. |
||
| 300 |
_axix, _b347 pages : illustrations ; _c28 cm. |
||
| 504 | _aIncludes bibliographical references and index. McGraw-Hill International Edition. | ||
| 650 | _a1. New business enterprises. | ||
| 650 | _a2. Small business. | ||
| 650 | _a3. Success in business. | ||
| 942 |
_2ddc _n0 _cBK-CIRC _kCirc. |
||
| 999 |
_c1575 _d1575 |
||